| 000 | 00449 a2200181 4500 | ||
|---|---|---|---|
| 005 | 20260116123625.0 | ||
| 008 | 260116b |||||||| |||| 00| 0 eng d | ||
| 020 |
_a9789357272605 _cRs. 199.00 |
||
| 040 | _aMAIN | ||
| 082 |
_a823 _bC426M |
||
| 100 | _aChesterton, G K | ||
| 245 | _aMan who knew too much | ||
| 260 |
_bDouble 9 Books _c2024 _aNew Delhi |
||
| 300 | _a156 | ||
| 650 | _aLiterature | ||
| 650 | _aEnglish Fiction | ||
| 942 | _cBK | ||
| 999 |
_c395115 _d395115 |
||